| Tag |
First Indicator |
Second Indicator |
Subfields |
| LEADER |
00000cam a2200000 4500 |
| 001 |
in00000069077 |
| 005 |
20151008051358.0 |
| 008 |
721110s1944 nyu b 00000 eng u |
| 010 |
|
|
|a 44005333
|
| 035 |
|
|
|a (OCoLC)00491658
|
| 035 |
|
|
|9 AAG7505AM
|
| 040 |
|
|
|c CSU
|d TXA
|d UtOrBLW
|
| 049 |
|
|
|a TXAM
|c [118711]
|
| 050 |
|
0 |
|a HV741
|b .H6
|
| 092 |
|
|
|a 362.7
|b H797i
|
| 100 |
1 |
|
|a Hopkirk, Howard W.
|
| 245 |
1 |
0 |
|a Institutions serving children /
|c by Howard W. Hopkirk ...
|
| 264 |
|
1 |
|a New York :
|b Russell Sage Foundation,
|c 1944.
|
| 300 |
|
|
|a 244p :
|b incl.illus.(plans)forms, diagram ;
|c 23cm.
|
| 336 |
|
|
|a text
|b txt
|2 rdacontent
|
| 337 |
|
|
|a unmediated
|b n
|2 rdamedia
|
| 338 |
|
|
|a volume
|b nc
|2 rdacarrier
|
| 504 |
|
|
|a Bibliographical foot-notes.
|
| 650 |
|
0 |
|a Child welfare
|z United States.
|
| 710 |
2 |
|
|a Russell Sage Foundation.
|
| 999 |
|
|
|a MARS
|
| 999 |
f |
f |
|s ab5d5f6c-f715-343a-b0af-c24268e020ed
|i 46035e90-a650-3b6f-bdac-ded6ad13e0ee
|t 0
|
| 952 |
f |
f |
|p ric
|a Texas A&M University
|b Rellis Campus
|c Joint Library Facility
|d Remote Storage
|t 0
|e HV741 .H6
|h Library of Congress classification
|i unmediated -- volume
|m A14800810630
|
| 998 |
f |
f |
|a HV741 .H6
|t 0
|l Remote Storage
|